书目信息 |
| 题名: |
新托业高频词汇短语
|
|
| 作者: | ;LiveABC 编著 | |
| 分册: | ||
| 出版信息: | 北京 科学出版社 2010 |
|
| 页数: | 11,282页 | |
| 开本: | 24cm | |
| 丛书名: | ||
| 单 册: | ||
| 中图分类: | H313.1 , H314.3 | |
| 科图分类: | ||
| 主题词: | 英语--词汇--考核--自学参考资料 , 英语--短语--考核--自学参考资料 , 英语 , 词汇 , 短语 | |
| 电子资源: | ||
| ISBN: | 978-7-03-027874-6 | |
| 000 | 01325nam0 2200361 45 | |
| 001 | 1132126077 | |
| 005 | 20110315141023.95 | |
| 010 | @a978-7-03-027874-6@dCNY45.00 | |
| 100 | @a20110122d2010 em y0chiy50 ea | |
| 101 | 0 | @achi@aeng |
| 102 | @aCN@b110000 | |
| 105 | @ay z 000yy | |
| 106 | @ar | |
| 200 | 1 | @a新托业高频词汇短语@AXin Tuo Ye Gao Pin Ci Hui Duan Yu@dPreparation for the new TOEIC—key words and phrases@fLiveABC编著@FLiveABC Bian Zhu@zeng |
| 210 | @a北京@c科学出版社@d2010 | |
| 215 | @a11,282页@d24cm@e附光盘1片 | |
| 300 | @a新托业备考系列 | |
| 305 | @aLiveABC interactive corporation授权出版 | |
| 307 | @a附光盘:ISBN 978-7-89445-204-7 | |
| 312 | @a版权页题本书原名:新版多益高频率字汇片语 | |
| 330 | @a本书分为单词、模拟试题两个部分,内容包括:一般商务、办公事务、人力资源、采购、财务预算、管理事务、应酬、旅游、娱乐、健康等。 | |
| 510 | 1 | @aPreparation for the new TOEIC—key words and phrases@zeng |
| 517 | 1 | @a新版多益高频率字汇片语@AXin Ban Duo Yi Gao Pin Lu^ Zi Hui Pian Yu |
| 606 | 0 | @a英语@x词汇@x考核@j自学参考资料 |
| 606 | 0 | @a英语@x短语@x考核@j自学参考资料 |
| 606 | 0 | @a英语 |
| 606 | 0 | @a词汇 |
| 606 | 0 | @a短语 |
| 690 | @aH313.1@v4 | |
| 690 | @aH314.3@v4 | |
| 711 | 02 | @aLiveABC@4编著 |
| 801 | 0 | @aCN@bTANGWEI@c20110315 |
| 905 | @b0532918-22@dH313.1@e762@f5 | |
| 新托业高频词汇短语=Preparation for the new TOEIC—key words and phrases/LiveABC编著.-北京:科学出版社,2010 |
| 11,282页;24cm+附光盘1片 |
| 新托业备考系列 |
| ISBN 978-7-03-027874-6:CNY45.00 |
| 本书分为单词、模拟试题两个部分,内容包括:一般商务、办公事务、人力资源、采购、财务预算、管理事务、应酬、旅游、娱乐、健康等。 |
| ● |
| 相关链接 |
|
|
|
|
正题名:新托业高频词汇短语
索取号:H313.1/762
 
预约/预借
| 序号 | 登录号 | 条形码 | 馆藏地/架位号 | 状态 | 备注 |
| 1 | 0532918 | 205329189 | 第二样本阅览室/ [索取号:H313.1/762] | 在馆 | |
| 2 | 0532919 | 205329198 | 第四借阅区/ [索取号:H313.1/762] | 在馆 | |
| 3 | 0532920 | 205329205 | 第四借阅区/ [索取号:H313.1/762] | 在馆 | |
| 4 | 0532921 | 205329214 | 第四借阅区/ [索取号:H313.1/762] | 在馆 | |
| 5 | 0532922 | 205329223 | 密集书库—外国语学院/ [索取号:H313.1/762] | 在馆 |